00418 2200157 4500001002100000008004100021035002000062245005500082100001700137260002800154300002200182020002200204084001400226082000800240990001200248INLIS000000000002842 IND  a0010-0925000189 aJika Tidak Malu, Berbuatlah Semaumu!cAzizah Hefni aAzizah Hefni aYogyabDiva Pressc2015 a280c(14 x 20 cm) a978-623-235-032-8 a813 AZI j a813 a0755064